Carlos V: la náutica y la navegación
Gespeichert in:
| Format: | Buch |
|---|---|
| Sprache: | Spanisch |
| Veröffentlicht: |
Barcelona, España
Sociedad Estatal para la Conmemoración de los Centenarios de Felipe II y Carlos V
2000
|
| Schlagworte: | |
| Tags: |
Tag hinzufügen
Keine Tags, Fügen Sie den ersten Tag hinzu!
|
MARC
| LEADER | 00000nam a2200000 a 4500 | ||
|---|---|---|---|
| 001 | UCN7721 | ||
| 003 | CL-VaPUC | ||
| 005 | 20210831074530.0 | ||
| 008 | 011026e20000000SP |||||||||||||||||spa|d | ||
| 999 | |c 297932 |d 297930 | ||
| 020 | |a 8495146444 | ||
| 040 | |c Pontificia Universidad Católica de Valparaíso | ||
| 082 | 0 | 4 | |a 623.892946 CAR 2000 |2 21 |
| 245 | 1 | 0 | |a Carlos V: |b la náutica y la navegación |
| 260 | |a Barcelona, España |b Sociedad Estatal para la Conmemoración de los Centenarios de Felipe II y Carlos V |c 2000 | ||
| 300 | |a 469 páginas | ||
| 583 | |a last modification |c 20011026 00:00:00 |k Rodrigo Vera | ||
| 600 | 0 | 7 | |a CARLOS V |2 CL-VaPUC |9 349626 |z ESPAÑA |
| 600 | 0 | 7 | |2 CL-VaPUC |9 396277 |
| 610 | |2 CASA DE CONTRATACION DE SEVILLA |z ESPAÑA |9 856356 | ||
| 650 | 0 | |a Cartografía |z ESPAÑA |9 266055 | |
| 650 | 7 | |a INSTRUMENTOS DE NAVEGACION |2 CL-VaPUC |9 316356 |z ESPAÑA | |
| 650 | 7 | |a POLITICA NAVAL |2 CL-VaPUC |9 443329 |z ESPAÑA | |
| 650 | 7 | |a CONSTRUCCION NAVAL |2 CL-VaPUC |9 260853 |z ESPAÑA | |
| 650 | 7 | |a HISTORIA DE ESPAÑA |2 CL-VaPUC |9 318547 |y SIGLO 16 | |
| 650 | 0 | |a Descubrimientos geográficos |z ESPAÑA |9 331933 | |
| 852 | |a BIBCUR | ||
| 942 | |c BK |2 ddc | ||
| 945 | |d 20011026 00:00:00 |a vberengu | ||
| 952 | |0 0 |1 0 |2 ddc |4 0 |6 623_892946000000000_CAR_2000 |7 0 |8 A |9 352988 |a BIBHIS |b BIBHIS |d 2019-11-21 |i 376513K |l 2 |m 1 |o 623.892946 CAR 2000 |p 376513K |r 2025-01-20 |s 2024-12-04 |t 1 |w 2019-11-21 |y BK |k HIS | ||